Which Country Connects to this Word? #1 - Statistics

General Stats
  • This quiz has been taken 306 times
    222 since last reset
  • The average score is 13 of 15
Answer Stats
Question Answer % Correct
Kangeroo Australia
100%
Chopsticks China
100%
Roman Italy
100%
Taco Mexico
100%
Nollywood Nigeria
100%
IKEA Sweden
100%
Bald Eagle United States
100%
Shamrock Ireland
88%
Shakira Colombia
75%
Everest Nepal
75%
Windmill Netherlands
75%
Alpaca Peru
75%
Joseph Kabila D.R.Congo
63%
Wailing Wall Israel
63%
Billiard Balls Belgium
38%
No matching quizzes found
Score Distribution
Percent of People with Each Score
Percentile by Number Answered
Your Score History
You have not taken this quiz since the last reset